• 首页
  • 本馆介绍
  • 公告通知
  • 最新文献
  • 馆藏检索
  • 电子资源
  • 读者导购
  • 参考咨询
  • 我的图书馆
  • 登录
  • 详细信息显示
  • 放入我的书架
  • 预约/预借图书
  • 作者相关作品
  • 分类相关作品
  • 丛书相关作品
  • 出版社相关作品

书目信息

  • 表格格式
  • 工作单格式
  • 卡片格式
题名:
枣树良种与高效栽培实用技术
    
 
作者: 张志善, , 高海平, 主编 ;山西省柳林县林业局 , 山西省红枣协会 编
分册:  
出版信息: 北京   中国林业出版社  2019.01
页数: 171页, 16页图版
开本: 24cm
丛书名:
单 册:
中图分类: S665.1
科图分类:
主题词: 枣--zao--选择育种 , 枣--zao--果树园艺
电子资源:
ISBN: 978-7-5038-9878-5
000 01144nam0 2200289 450
001 CAL 0120192713457
005 20230217093113.0
010    @a978-7-5038-9878-5@dCNY50.00
100    @a20190404d2019 em y0chiy0120 ea
101 0  @achi
102    @aCN@b110000
105    @aaf a 000yy
106    @ar
200 1  @a枣树良种与高效栽培实用技术@Azao shu liang zhong yu gao xiao zai pei shi yong ji shu@f山西省柳林县林业局, 山西省红枣协会编@g张志善, 高海平主编
210    @a北京@c中国林业出版社@d2019.01
215    @a171页, 16页图版@c图@d24cm
320    @a有书目
330    @a本书介绍了我国枣树的栽培历史、生产和发展概况、生物学特性、名优新品种、高效栽培及鲜枣贮藏和枣果加工技术等, 并提供了周年管理历、枣果等级标准等一些重要的附录资料。
606 0  @a枣@Azao@x选择育种
606 0  @a枣@Azao@x果树园艺
690    @aS665.1@v5
701  0 @a张志善,@Azhang zhi shan@f1934-@4主编
701  0 @a高海平,@Agao hai ping@f1962-@4主编
712 02 @a山西省柳林县林业局@Ashan xi sheng liu lin xian lin ye ju@4编
712 02 @a山西省红枣协会@Ashan xi sheng hong zao xie hui@4编
801  0 @aCN@bBJXHZP@c20230228
905    @b1405533-6@dS665.1@e715@f4
    
    枣树良种与高效栽培实用技术/山西省柳林县林业局, 山西省红枣协会编/张志善, 高海平主编.-北京:中国林业出版社,2019.01
    171页, 16页图版:图;24cm
    
    
    ISBN 978-7-5038-9878-5:CNY50.00
    本书介绍了我国枣树的栽培历史、生产和发展概况、生物学特性、名优新品种、高效栽培及鲜枣贮藏和枣果加工技术等, 并提供了周年管理历、枣果等级标准等一些重要的附录资料。
●
相关链接 在E读中查询图书 在五车中查询图书 在当当中查询图书 在豆瓣中查询图书


正题名:枣树良种与高效栽培实用技术     索取号:S665.1/715         预约/预借

序号 登录号 条形码 馆藏地/架位号 状态 备注
1 1405533   214055332   第二样本阅览室/ [索取号:S665.1/715] 在馆    
2 1405534   214055341   第三借阅区/ [索取号:S665.1/715] 在馆    
3 1405535   214055350   第三借阅区/ [索取号:S665.1/715] 在馆    
4 1405536   214055369   第三借阅区/ [索取号:S665.1/715] 在馆    
唐山师范学院图书馆 欢迎您!
大连网信软件有限公司© 版权所有